000 00903nam a2200289 a 4500
001 24703
003 CO-ViMGA
005 20230915232014.0
008 141112s2004 ck r 000 u spa d
020 _a8420775592
035 _aAJA9124 LA
040 _aCO-ViMGA
_bspa
_cCO-ViMGA
041 _aspa
043 _ae - sp - - -
082 0 4 _a863.6 R41p
100 1 _aRibera, Jaume, 1953 - .
_936837
245 1 0 _aUn problema de narices /
_cJaume Ribera ; ilustración Arnal Ballester.
260 _aMadrid :
_bAnaya,
_c2002.
300 _a93 p. : il. ; 19 cm.
490 _aEl duende verde ; 98
500 _aA partir de 10 años.
650 1 4 _aCuentos infantiles españoles.
_9725
700 1 _aBallester, Arnal, 1955 - , il.
_936838
942 _2ddc
_cBK
949 _an n
999 _c32509
_d32509